Krízový manažment v ekonomike vysokoškolské skriptá
Salvato in:
| Autore principale: | |
|---|---|
| Altri autori: | , , , |
| Natura: | Libro |
| Lingua: | slovacco |
| Pubblicazione: |
Košice
Ekonomická fakulta Technickej univerzity v Košiciach
2011
|
| Edizione: | 1. vydanie |
| Soggetti: | |
| Tags: |
Nessun Tag, puoi essere il primo ad aggiungerne!!
|
MARC
| LEADER | 00000nam a2200000 4500 | ||
|---|---|---|---|
| 001 | 0305996 | ||
| 005 | 20260319083117.6 | ||
| 020 | |a [978-80-8086-190-2] | ||
| 041 | 0 | |a slo | |
| 044 | |a SK | ||
| 245 | 1 | 0 | |a Krízový manažment v ekonomike |b vysokoškolské skriptá |c Daniela Palaščáková a kol. ; recenzenti: Adriana Csikósová, Vladimír Sedlák |
| 250 | |a 1. vydanie | ||
| 264 | 1 | |a Košice |b Ekonomická fakulta Technickej univerzity v Košiciach |c 2011 | |
| 300 | |a 195 s. [14,64 AH] | ||
| 610 | 2 | 0 | |a manažment krízový |
| 610 | 2 | 0 | |a riadenie podnikové |
| 610 | 2 | 0 | |a manažéri |
| 610 | 2 | 0 | |a správa verejná |
| 610 | 2 | 0 | |a bezpečnosť |
| 610 | 2 | 0 | |a práca s verejnosťou |
| 100 | 1 | |a Palaščáková, Daniela | |
| 700 | 1 | |a Antošová, Mária, 1965- | |
| 700 | 1 | |a Kelemen, Miroslav | |
| 700 | 1 | |a Csikósová, Adriana | |
| 700 | 1 | |a Sedlák, Vladimír | |